Nemci vyvíjajú inteligenciu pre fabriky
Vizionársky koncept pod názvom Priemysel 4.0 skupiny vedcov a manažérov z Nemecka. Oficiálny motív - snaha Nemecka udržať konkurencieschopnosť ekonomiky aj bez potreby presúvať výrobu do lacnejších krajín. Inteligencia v priemysle. Predpoklad tridsaťpercentného zvýšenia produktivity. Nová generácia...
Salvato in:
| Autore principale: | |
|---|---|
| Natura: | Capitolo di libro |
| Lingua: | slovacco |
| Soggetti: | |
| Tags: |
Nessun Tag, puoi essere il primo ad aggiungerne!!
|
MARC
| LEADER | 00000naa a2200000 4500 | ||
|---|---|---|---|
| 001 | 0175735 | ||
| 005 | 20231113081831.1 | ||
| 041 | 0 | |a slo | |
| 044 | |a SK | ||
| 245 | 1 | 0 | |a Nemci vyvíjajú inteligenciu pre fabriky |c Ľubomír Jurina |
| 520 | |a Vizionársky koncept pod názvom Priemysel 4.0 skupiny vedcov a manažérov z Nemecka. Oficiálny motív - snaha Nemecka udržať konkurencieschopnosť ekonomiky aj bez potreby presúvať výrobu do lacnejších krajín. Inteligencia v priemysle. Predpoklad tridsaťpercentného zvýšenia produktivity. Nová generácia automatizovaných riadiacich systémov ako základ "výrobnej inteligencie". Využívanie technológie RFID. Mozog pre fabriku. | ||
| 610 | 2 | 0 | |a priemysel |
| 610 | 2 | 0 | |a inteligencia |
| 610 | 2 | 0 | |a technológie nové |
| 610 | 2 | 0 | |a výroba |
| 610 | 2 | 0 | |a riadenie výroby |
| 610 | 2 | 0 | |a produktivita |
| 610 | 2 | 0 | |a stroje |
| 610 | 2 | 0 | |a identifikácia automatická |
| 610 | 2 | 0 | |a identifikácia vysokofrekvenčná |
| 100 | 1 | |a Jurina, Ľubomír | |